Πυθμένες
Αποθηκεύτηκε σε:
| Κύριος συγγραφέας: | |
|---|---|
| Μορφή: | Βιβλίο |
| Γλώσσα: | Greek |
| Δημοσίευση: |
Αθήνα :
Κέδρος,
1985
|
| Θέματα: | |
| Ετικέτες: |
Προσθήκη ετικέτας
Δεν υπάρχουν, Καταχωρήστε ετικέτα πρώτοι!
|
MARC
| LEADER | 00000nam a2200000 i 4500 | ||
|---|---|---|---|
| 001 | 1/87401 | ||
| 008 | 931208s1985 gre d | ||
| 035 | |a 1989 |b 2 |c Δωρεά |l 10035231 | ||
| 040 | |a GR-MY-UA |b gre |e aacr | ||
| 041 | 0 | |a gre | |
| 082 | 0 | |a 889.13 | |
| 100 | 1 | |a Βάρναλης, Κώστας, |d 1883-1974. | |
| 245 | 1 | 0 | |a Πυθμένες / |c Κώστας Βάρναλης ; φιλολογική επιμέλεια Κ. Γ. Κασίνης |
| 260 | |a Αθήνα : |b Κέδρος, |c 1985 | ||
| 300 | |a 108 σ. | ||
| 650 | 0 | 0 | |a Greek poetry, Modern |y 20th century. |
| 852 | |a INST |b RHODES |e 19931208 |h 889.13 ΒΑΡ |p 005400002882 |q 005400002882 |t BK |y 0 | ||
| 909 | |a Ρ |b 014686 |c 1989 | ||